00700nam a2200241 a 4500001001300000003000900013005001700022008004100039020000800080082001800088100002200106245002000128260004600148300000900194500003500203505003400238650002000272700002200292902000800314942000700322952011400329999001500443nice12345678IN_TiNIC20260116011510.0050524s0000 dela grp 000 0 urd  ac300a891.4393bRAS aRashidul Khairi,  aSubha-E-Zindagi aDelhi bPayam-E-mashriq Book Depot c0000 a208p aincludes index and biblioraphy2 ascn book club study project.3 aUrdu-Literature1 aRashidul Khairi,  bSRS cBK 001040708StackRoom-aHMIbHMId2007-05-31g3.00l0o891.4393 RASp03633r2007-05-31v3.00w2005-05-24yBK c2060d2060